000 00486 a2200157 4500
999 _c3035
_d3035
020 _a9781405801591
050 _aKD1269 BAI 2007
100 _aBainbridge, David I.
_eauthor
245 _aIntellectual property /
_cDavid I. Bainbridge
250 _a6th ed.
264 _aEngland :
_bPearson,
_c2007
300 _alviii, 838p. :
500 _aIncludes bibliographical references and index
650 _aIntellectual property--
_xGreat Britain
942 _2lcc
_cBK
_e6th ed.
_h1269
_iBAI
_kKD